Diferenciar productos locales, contribuyendo al desarrollo territorial /
Guardado en:
| Autor Principal: | |
|---|---|
| Autor Corporativo: | |
| Otros Autores: | |
| Formato: | Libro |
| Idioma: | Spanish |
| Publicado: |
Montevideo :
IICA,
2015.
|
| Acceso en línea: | Acceso a texto completo |
| Etiquetas: |
Agregar Etiqueta
Sin Etiquetas, Sea el primero en etiquetar este registro!
|
| LEADER | 00828nam a22001935a 4500 | ||
|---|---|---|---|
| 001 | EEA.libagro010465 | ||
| 008 | 150819s2015####xx#a##########000#0#spa#d | ||
| 005 | 20200903182023.0 | ||
| 245 | 1 | 0 | |a Diferenciar productos locales, contribuyendo al desarrollo territorial / |c Marcelo Champredonde, Marcos Flavio Silva Borba. |
| 260 | |a Montevideo : |b IICA, |c 2015. | ||
| 300 | |a 62 p. : |b il. ; |c 26 cm. | ||
| 530 | |a Disponible también en línea. | ||
| 020 | |a 9789292485689 | ||
| 100 | 1 | |a Champredonde, Marcelo. | |
| 700 | 1 | |a Silva Borba, Marcos Flavio. | |
| 710 | 2 | |a Instituto Interamericano de Cooperación para la Agricultura. | |
| 082 | 0 | 4 | |a 338.17 |
| 856 | 4 | 1 | |3 Acceso a texto completo |u http://ainfo.cnptia.embrapa.br/digital/bitstream/item/126011/1/Libro-DiferenciarProductosLocales.pdf |
| 859 | |a AR-BbBCA |b BIB. AGRONOMIA |h 338.17 |i C449 |p 2015/6563 | ||
